[Event "Swiss Queens Wed #3"]
[Site "FIDE Online Arena INT"]
[Date "2024.02.14"]
[Round "3"]
[White "Aliaga Fernandez, Ingrid Yadira"]
[Black "Felix Vega, Aurora Edith"]
[Result "1-0"]
[WhiteElo "2147"]
[BlackElo "1922"]
[PlyCount "95"]
[EventDate "2024.02.14"]
[EventType "swiss (blitz)"]
[EventRounds "11"]
[EventCountry "NET"]
[SourceTitle "CB08_2024"]
[SourceDate "2024.02.21"]
[SourceVersion "1"]
[SourceVersionDate "2024.02.21"]
[SourceQuality "1"]

1. e4 e5 2. Nf3 d6 3. d4 Nd7 4. Nc3 Be7 5. Bc4 Ngf6 6. 0-0 0-0 7. a4 c6 8. a5 Qc7 9. h3 exd4 10. Nxd4 Ne5 11. Be2 Re8 12. Re1 Bf8 13. f4 Ned7 14. Bf3 Rb8 15. Be3 Nc5 16. Bf2 Bd7 17. Qd2 b5 18. axb6 axb6 19. b4 Ne6 20. Rab1 d5 21. e5 Ne4 22. Nxe4 dxe4 23. Bxe4 Nxd4 24. Bxd4 c5 25. bxc5 Bxc5 26. c3 Bc6 27. Qe2 Bxe4 28. Qxe4 b5 29. Kh1 Bf8 30. Rec1 Qd7 31. Re1 b4 32. c4 b3 33. Bb2 Rec8 34. Red1 Qe6 35. Rd5 Qc6 36. Rc1 Qa4 37. Qd4 Rb4 38. Rd8 Rcxc4 39. Rxc4 Rxc4 40. Rxf8+ Kxf8 41. Qd8+ Qe8 42. Qd6+ Kg8 43. Kh2 Rc8 44. Qd4 Rb8 45. e6 Qf8 46. e7 f6 47. exf8Q+ Kxf8 48. Qd5 1-0

[Event "Olympiad Women-42"]
[Site "Baku"]
[Date "2016.09.12"]
[Round "10.4"]
[White "Felix Vega, Aurora Edith"]
[Black "Azhar, Puteri Rifqah Fahad"]
[Result "0-1"]
[WhiteElo "2053"]
[BlackElo "1945"]
[PlyCount "122"]
[EventDate "2016.09.02"]
[EventType "team-swiss"]
[EventRounds "11"]
[EventCountry "AZE"]
[SourceTitle "CBM 174 Extra"]
[Source "ChessBase"]
[SourceDate "2016.10.10"]
[SourceVersion "1"]
[SourceVersionDate "2016.10.10"]
[SourceQuality "1"]
[WhiteTeam "Peru (W)"]
[BlackTeam "Malaysia (W)"]
[WhiteTeamCountry "PER"]
[BlackTeamCountry "MAS"]

1. e4 c5 2. Nf3 e6 3. Nc3 a6 4. d4 cxd4 5. Nxd4 Qc7 6. Be2 Nf6 7. 0-0 Be7 8. Be3 d6 9. f4 Nbd7 10. Qe1 b5 11. Bf3 Bb7 12. a3 Nc5 13. Bf2 Rd8 14. Rd1 0-0 15. f5 e5 16. Nb3 Nfd7 17. Nc1 Nb6 18. N1a2 Nca4 19. b3 Nxc3 20. Qxc3 Qxc3 21. Nxc3 Nd7 22. Rd2 Rc8 23. Nd1 Rc7 24. Nb2 Rc3 25. Nd1 Rc7 26. Nb2 Rc3 27. Be1 Rfc8 28. Rff2 d5 29. Rxd5 Bxd5 30. Bxc3 Bc5 31. Nd1 Bxf2+ 32. Kxf2 Bb7 33. Ke3 f6 34. g4 Kf7 35. Kd2 Nc5 36. Nf2 Bc6 37. g5 fxg5 38. Bb4 Nd7 39. Nd3 Re8 40. Bd6 Kf6 41. c4 g4 42. Bg2 bxc4 43. bxc4 Nb6 44. Kc3 Nxc4 45. Bc5 Na5 46. Bf2 Bb5 47. Nc5 Rc8 48. a4 Nb7 49. axb5 Nxc5 50. Bh4+ Kf7 51. b6 Na4+ 52. Kb4 Nxb6 53. Bf1 a5+ 54. Kxa5 Nc4+ 55. Kb4 Nd2 56. Bd3 Nf3 57. Bg3 h5 58. Ba6 Rc2 59. Bd3 Rxh2 60. Bc4+ Kf6 61. Bxh2 Nxh2 0-1

[Event "Olympiad Women-42"]
[Site "Baku"]
[Date "2016.09.11"]
[Round "9.4"]
[White "Sucikova, Svetlana"]
[Black "Felix Vega, Aurora Edith"]
[Result "1/2-1/2"]
[WhiteElo "2112"]
[BlackElo "2053"]
[PlyCount "219"]
[EventDate "2016.09.02"]
[EventType "team-swiss"]
[EventRounds "11"]
[EventCountry "AZE"]
[SourceTitle "CBM 174 Extra"]
[Source "ChessBase"]
[SourceDate "2016.10.10"]
[SourceVersion "1"]
[SourceVersionDate "2016.10.10"]
[SourceQuality "1"]
[WhiteTeam "Slovakia (W)"]
[BlackTeam "Peru (W)"]
[WhiteTeamCountry "SVK"]
[BlackTeamCountry "PER"]

1. c4 d6 2. d4 e5 3. dxe5 dxe5 4. Qxd8+ Kxd8 5. Nf3 f6 6. Nc3 c6 7. g3 Be6 8. b3 Nd7 9. Bg2 Bb4 10. Bb2 Nh6 11. 0-0 Kc7 12. Rac1 Bxc3 13. Bxc3 Nf7 14. Ba5+ b6 15. Bb4 a5 16. Ba3 Rhd8 17. Rfd1 Bg4 18. Kf1 Nc5 19. Ne1 Ne6 20. f3 Bf5 21. e4 Bg6 22. Nc2 Rxd1+ 23. Rxd1 Rd8 24. Rxd8 Nfxd8 25. Kf2 f5 26. Bb2 Kd6 27. Ne3 fxe4 28. fxe4 Nc5 29. Ba3 Nde6 30. Nd1 b5 31. cxb5 cxb5 32. Ke3 b4 33. Bb2 a4 34. bxa4 Nxa4 35. Ba1 Bf7 36. Nf2 Nec5 37. Ng4 Nd7 38. Bf1 Bxa2 39. Bb5 Nac5 40. Bxd7 Nxd7 41. Nf2 Bb1 42. Ng4 h5 43. Nf2 Nc5 44. g4 Nb3 45. Bb2 Na5 46. Kd2 Nb3+ 47. Ke3 g6 48. gxh5 gxh5 49. h4 Nc5 50. Bc1 Bc2 51. Bb2 b3 52. Ba3 Ke6 53. Bc1 Na4 54. Kd2 Kd6 55. Ba3+ Kc6 56. Bf8 Nb6 57. Kc3 Kb5 58. Bg7 Nd7 59. Bh6 Ka4 60. Bc1 Nf6 61. Bb2 Kb5 62. Ba3 Nd7 63. Bd6 Kc6 64. Be7 Nb6 65. Bf8 Na4+ 66. Kd2 Kb5 67. Bd6 Nb6 68. Kc3 Nc4 69. Bf8 Ka4 70. Be7 Na5 71. Bf8 Nc6 72. Bd6 Na7 73. Kb2 Nc6 74. Kc3 Kb5 75. Bf8 Nd4 76. Bd6 Nf3 77. Be7 Kc6 78. Bf6 Kd7 79. Kb2 Ke6 80. Bd8 Nh2 81. Kc3 Ng4 82. Bb6 Nf6 83. Bd8 Ne8 84. Bg5 Nd6 85. Bh6 Bxe4 86. Kxb3 Nf7 87. Nxe4 Kf5 88. Ng3+ Kg4 89. Nxh5 Kxh5 90. Bg7 e4 91. Kc3 Kg4 92. Kd2 Kf3 93. Bd4 Nd6 94. Bc5 Nc4+ 95. Ke1 Ne5 96. Bd4 Nd3+ 97. Kf1 Nf4 98. Bc5 Ne6 99. Ba7 Kg4 100. Ke2 Kf5 101. Be3 Ng7 102. Bb6 Nh5 103. Bc7 Nf6 104. Bb6 Nd5 105. Be3 Nc3+ 106. Kd2 Nb5 107. h5 Nd6 108. h6 Kg6 109. Ke2 Nf5 110. Bc1 1/2-1/2

[Event "Olympiad Women-42"]
[Site "Baku"]
[Date "2016.09.10"]
[Round "8.4"]
[White "Allahverdiyeva, Ayan"]
[Black "Felix Vega, Aurora Edith"]
[Result "1-0"]
[WhiteElo "1780"]
[BlackElo "2053"]
[PlyCount "61"]
[EventDate "2016.09.02"]
[EventType "team-swiss"]
[EventRounds "11"]
[EventCountry "AZE"]
[SourceTitle "CBM 174 Extra"]
[Source "ChessBase"]
[SourceDate "2016.10.10"]
[SourceVersion "1"]
[SourceVersionDate "2016.10.10"]
[SourceQuality "1"]
[WhiteTeam "Azerbaijan (W) III"]
[BlackTeam "Peru (W)"]
[WhiteTeamCountry "AZE"]
[BlackTeamCountry "PER"]

1. e4 c5 2. c3 d5 3. exd5 Qxd5 4. d4 Nf6 5. Nf3 Bg4 6. Nbd2 e6 7. Qa4+ Nc6 8. Bc4 Qd7 9. Bb5 Rc8 10. Ne5 Qd5 11. Qxa7 cxd4 12. Bxc6+ bxc6 13. cxd4 Qxg2 14. Rf1 Bb4 15. Nxg4 Qxg4 16. Qb7 Bxd2+ 17. Bxd2 0-0 18. Qb3 Rb8 19. Qc2 Nd5 20. h3 Qf3 21. Rg1 e5 22. Bh6 g6 23. Bxf8 exd4 24. Qe2 Qf6 25. Ba3 Nf4 26. Qe4 d3 27. Rg3 Nh5 28. Rxd3 Qg5 29. Rad1 Kg7 30. Re3 Nf6 31. Qe5 1-0

[Event "PER-ch (Women)"]
[Site "Lima"]
[Date "2016.03.26"]
[Round "7"]
[White "Felix Vega, Aurora Edith"]
[Black "Garcia Contreras, Ana Claudia De"]
[Result "1-0"]
[WhiteElo "2091"]
[BlackElo "1759"]
[PlyCount "53"]
[EventDate "2016.03.23"]
[EventType "tourn"]
[EventRounds "9"]
[EventCountry "PER"]
[SourceTitle "CBM 171 Extra"]
[Source "ChessBase"]
[SourceDate "2016.04.26"]
[SourceVersion "1"]
[SourceVersionDate "2016.04.26"]
[SourceQuality "1"]

1. Nf3 Nf6 2. d4 g6 3. c4 Bg7 4. Nc3 0-0 5. e4 d6 6. Be2 e5 7. 0-0 Nc6 8. d5 Ne7 9. b4 Nh5 10. Re1 f5 11. Ng5 Nf6 12. Bf3 c6 13. dxc6 Nxc6 14. exf5 Nd4 15. fxg6 hxg6 16. Be3 Nxf3+ 17. Qxf3 Bg4 18. Qg3 Qc8 19. Rac1 a5 20. Qh4 Be6 21. b5 Qxc4 22. Nce4 Qxa2 23. Rc7 Nh5 24. g4 Qd5 25. gxh5 gxh5 26. Nc3 Qb3 27. Rb1 1-0

[Event "PER-ch (Women)"]
[Site "Lima"]
[Date "2016.03.25"]
[Round "5"]
[White "Cosme Contreras, Trilce"]
[Black "Felix Vega, Aurora Edith"]
[Result "0-1"]
[WhiteElo "1757"]
[BlackElo "2091"]
[PlyCount "106"]
[EventDate "2016.03.23"]
[EventType "tourn"]
[EventRounds "9"]
[EventCountry "PER"]
[SourceTitle "CBM 171 Extra"]
[Source "ChessBase"]
[SourceDate "2016.04.26"]
[SourceVersion "1"]
[SourceVersionDate "2016.04.26"]
[SourceQuality "1"]

1. c4 e6 2. Nf3 Nf6 3. Nc3 b6 4. e4 d6 5. d4 Be7 6. Bd3 Bb7 7. 0-0 Nbd7 8. d5 e5 9. Ne1 Nf8 10. f4 exf4 11. Bxf4 Ng6 12. Nc2 Nd7 13. Nd4 Nxf4 14. Rxf4 Bf6 15. Be2 0-0 16. Rf1 Be5 17. Qd2 a5 18. Nf3 Bf6 19. Kh1 Qe7 20. Bd3 Rae8 21. Rae1 Qd8 22. a3 Ne5 23. Nxe5 Rxe5 24. Rf5 Bc8 25. Rxe5 Bxe5 26. Qf2 g6 27. Rf1 f5 28. Qg1 f4 29. Qf2 g5 30. Nb5 g4 31. g3 fxg3 32. Qxf8+ Qxf8 33. Rxf8+ Kxf8 34. hxg3 Bxg3 35. Nxc7 Be5 36. b3 Ke7 37. Kg2 h5 38. b4 axb4 39. axb4 h4 40. Be2 h3+ 41. Kh1 g3 42. Nb5 g2+ 43. Kg1 Bd7 44. Bf3 Bxb5 45. Bxg2 h2+ 46. Kh1 Bxc4 47. Bf3 Kf6 48. Bg2 Kg5 49. Bh3 Bd3 50. Bg2 Kf4 51. b5 Bxe4 52. Kxh2 Bxg2 53. Kxg2 Ke4 0-1

[Event "PER-ch (Women)"]
[Site "Lima"]
[Date "2016.03.24"]
[Round "2"]
[White "Felix Vega, Aurora Edith"]
[Black "Aliaga Fernandez, Ingrid Yadira"]
[Result "0-1"]
[WhiteElo "2091"]
[BlackElo "2173"]
[PlyCount "88"]
[EventDate "2016.03.23"]
[EventType "tourn"]
[EventRounds "9"]
[EventCountry "PER"]
[SourceTitle "CBM 171 Extra"]
[Source "ChessBase"]
[SourceDate "2016.04.26"]
[SourceVersion "1"]
[SourceVersionDate "2016.04.26"]
[SourceQuality "1"]

1. Nf3 d5 2. d4 Nf6 3. c4 dxc4 4. e3 e6 5. Bxc4 c5 6. 0-0 a6 7. dxc5 Qxd1 8. Rxd1 Bxc5 9. Nbd2 Ke7 10. Nb3 Bd6 11. Bd2 b6 12. Bc3 Nbd7 13. Be2 Bb7 14. Rxd6 Kxd6 15. Bb4+ Kc7 16. Ng5 Nd5 17. Rc1+ Kb8 18. Bd6+ Ka7 19. Nxf7 Rhc8 20. Rd1 Rc2 21. Bg4 Nxe3 22. Rd4 Nxg4 23. Rxg4 Rxb2 24. h3 Nf6 25. Rxg7 Rg8 26. Rxg8 Nxg8 27. Nd4 Bd5 28. Be5 Rxa2 29. f3 b5 30. Ng5 b4 31. Ndxe6 Bxe6 32. Nxe6 b3 33. Bd4+ Ka8 34. Nc5 Rd2 35. Bg7 b2 36. Bxb2 Rxb2 37. Nxa6 Kb7 38. Nc5+ Kc6 39. Ne4 Ne7 40. Ng5 Nf5 41. Ne6 Ra2 42. Kh2 Nh4 43. Nf4 Nxf3+ 44. Kg3 Ne5 0-1

[Event "Lima Gran Prix IRT op"]
[Site "Lima"]
[Date "2015.12.12"]
[Round "2"]
[White "Felix Vega, Aurora Edith"]
[Black "Terry, Renato"]
[Result "0-1"]
[WhiteElo "1996"]
[BlackElo "2465"]
[PlyCount "104"]
[EventDate "2015.12.12"]
[EventType "swiss"]
[EventRounds "8"]
[EventCountry "PER"]
[SourceTitle "CBM 170 Extra"]
[Source "ChessBase"]
[SourceDate "2016.02.25"]
[SourceVersion "1"]
[SourceVersionDate "2016.02.25"]
[SourceQuality "1"]

1. Nf3 Nf6 2. d4 e6 3. c4 Bb4+ 4. Bd2 Qe7 5. Qc2 Bxd2+ 6. Nbxd2 d6 7. e3 0-0 8. Be2 e5 9. d5 a5 10. b3 Bg4 11. 0-0 Nbd7 12. Rfd1 Rfe8 13. e4 Nh5 14. h3 Nf4 15. hxg4 Nxe2+ 16. Kf1 Nd4 17. Nxd4 exd4 18. Nf3 Ne5 19. Rxd4 Nxg4 20. g3 Qf6 21. Kg2 Nh2 22. Kxh2 Qxf3 23. Kg1 Re5 24. Qd1 Qf6 25. Kg2 Rae8 26. f3 Rh5 27. Qd2 Qg6 28. Qf4 Rhe5 29. Re1 f6 30. Rd2 Qf7 31. Rde2 h5 32. Qd2 Qg6 33. Kf2 b6 34. a3 Rg5 35. Qf4 Rf8 36. Rh1 Re5 37. Qd2 Rfe8 38. Rhe1 Rg5 39. Qf4 Rf8 40. Rh1 Re5 41. Qd2 f5 42. exf5 Rexf5 43. f4 Qg4 44. Qe3 g5 45. Qe6+ Kg7 46. Qd7+ R8f7 47. Re7 gxf4 48. Rxf7+ Rxf7 49. Qxg4+ hxg4 50. Rh4 Kg6 51. gxf4 Rxf4+ 52. Kg3 Kf5 0-1

[Event "South America-ch U18 Girls 12th"]
[Site "Santa Cruz"]
[Date "2015.12.05"]
[Round "6"]
[White "Felix Vega, Aurora Edith"]
[Black "Besso, Guadalupe"]
[Result "0-1"]
[WhiteElo "1996"]
[BlackElo "1937"]
[PlyCount "76"]
[EventDate "2015.12.02"]
[EventType "swiss"]
[EventRounds "9"]
[EventCountry "BOL"]
[SourceTitle "CBM 170 Extra"]
[Source "ChessBase"]
[SourceDate "2016.02.25"]
[SourceVersion "1"]
[SourceVersionDate "2016.02.25"]
[SourceQuality "1"]

1. e4 c5 2. Nf3 Nc6 3. d4 cxd4 4. Nxd4 Nf6 5. Nc3 e5 6. Ndb5 d6 7. Bg5 a6 8. Na3 b5 9. Nd5 Be7 10. Bxf6 Bxf6 11. c4 b4 12. Nc2 a5 13. b3 Bg5 14. g3 0-0 15. h4 Bh6 16. Bh3 Bxh3 17. Rxh3 a4 18. Kf1 axb3 19. axb3 Rxa1 20. Qxa1 Qd7 21. g4 Bf4 22. Qd1 Ra8 23. Rd3 Qd8 24. Nxf4 exf4 25. g5 Qe7 26. f3 Ne5 27. Rd2 h6 28. Nxb4 hxg5 29. Nd5 Qe6 30. Rh2 Ra7 31. hxg5 Qg6 32. Ra2 Qh5 33. Rg2 Qh1+ 34. Rg1 Qh3+ 35. Rg2 Nxf3 36. Qe2 Nd4 37. Nf6+ Kf8 38. Qg4 Ra1+ 0-1

[Event "PER-ch (Women)"]
[Site "Lima"]
[Date "2015.05.02"]
[Round "6"]
[White "Felix Vega, Aurora Edith"]
[Black "Garcia Contreras, Ana Claudia De"]
[Result "1-0"]
[WhiteElo "1986"]
[BlackElo "1863"]
[PlyCount "145"]
[EventDate "2015.04.30"]
[EventType "swiss"]
[EventRounds "8"]
[EventCountry "PER"]
[SourceTitle "CBM 166 Extra"]
[Source "ChessBase"]
[SourceDate "2015.06.18"]
[SourceVersion "1"]
[SourceVersionDate "2015.06.18"]
[SourceQuality "1"]

1. d4 Nf6 2. c4 g6 3. Nf3 Bg7 4. Nc3 0-0 5. e4 d6 6. Be2 e5 7. 0-0 Nc6 8. d5 Ne7 9. Qc2 Nd7 10. Rd1 h6 11. c5 Nxc5 12. b4 Na6 13. Ba3 f5 14. Rac1 Rf7 15. b5 Nb8 16. Bb4 b6 17. a4 Nd7 18. a5 Nc5 19. Nd2 fxe4 20. Bxc5 bxc5 21. Nc4 Nf5 22. Qxe4 Qf6 23. Rf1 Nd4 24. Qe3 Bb7 25. Bd3 Raf8 26. b6 axb6 27. axb6 Nf5 28. Qd2 cxb6 29. Rb1 b5 30. Rxb5 Ba6 31. Rb6 Bxc4 32. Bxc4 Rd8 33. Ne4 Qh4 34. Qd3 Kh7 35. Re1 Rdd7 36. Reb1 Rd8 37. Ra6 Bf8 38. f3 Qe7 39. Rba1 Rg7 40. Qd2 Rd7 41. Bd3 Kh8 42. Ra8 Kh7 43. Nc3 Rf7 44. Re1 Ra7 45. Rb8 Rb7 46. Rxb7 Qxb7 47. Rb1 Qa7 48. Be4 Be7 49. Qf2 Bg5 50. Nb5 Qd7 51. Qc2 Rg7 52. Na3 h5 53. Rb6 Nd4 54. Qc4 Bd8 55. Rb1 Qa7 56. Nc2 Nxc2 57. Bxc2 Qf7 58. Be4 Qa7 59. Rf1 Bg5 60. g3 Qa3 61. Bd3 Qb4 62. Qc2 Qd4+ 63. Kh1 Qxd5 64. Be4 Qe6 65. f4 exf4 66. gxf4 d5 67. Bg2 Be7 68. Qd1 d4 69. f5 gxf5 70. Qxh5+ Qh6 71. Qxf5+ Qg6 72. Qh3+ Kg8 73. Bd5+ 1-0

[Event "PER-ch (Women)"]
[Site "Lima"]
[Date "2015.05.01"]
[Round "3"]
[White "Paredes Bustamante, Paula Elizabeth"]
[Black "Felix Vega, Aurora Edith"]
[Result "1/2-1/2"]
[WhiteElo "2122"]
[BlackElo "1986"]
[PlyCount "58"]
[EventDate "2015.04.30"]
[EventType "swiss"]
[EventRounds "8"]
[EventCountry "PER"]
[SourceTitle "CBM 166 Extra"]
[Source "ChessBase"]
[SourceDate "2015.06.18"]
[SourceVersion "1"]
[SourceVersionDate "2015.06.18"]
[SourceQuality "1"]

1. e4 c5 2. Nf3 Nc6 3. d4 cxd4 4. Nxd4 Nf6 5. Nc3 e5 6. Ndb5 d6 7. Bg5 a6 8. Na3 b5 9. Nd5 Be7 10. Bxf6 Bxf6 11. c4 b4 12. Nc2 0-0 13. Qf3 Bg5 14. h4 Be7 15. Ndxb4 Nxb4 16. Nxb4 Qa5 17. Qc3 f5 18. Nd5 Qxc3+ 19. Nxc3 fxe4 20. g3 Rb8 21. b3 Bb7 22. Bg2 Bd8 23. 0-0 Bb6 24. Nxe4 Bxe4 25. Bxe4 Bd4 26. Rad1 Rf6 27. Rxd4 exd4 28. Rd1 Re8 29. Rxd4 Re5 1/2-1/2

[Event "PER-ch (Women)"]
[Site "Lima"]
[Date "2015.04.30"]
[Round "1"]
[White "Meza Rubio, Caroline"]
[Black "Felix Vega, Aurora Edith"]
[Result "0-1"]
[WhiteElo "1655"]
[BlackElo "1986"]
[PlyCount "56"]
[EventDate "2015.04.30"]
[EventType "swiss"]
[EventRounds "8"]
[EventCountry "PER"]
[SourceTitle "CBM 166 Extra"]
[Source "ChessBase"]
[SourceDate "2015.06.18"]
[SourceVersion "1"]
[SourceVersionDate "2015.06.18"]
[SourceQuality "1"]

1. d4 Nf6 2. c4 g6 3. Nc3 Bg7 4. e4 0-0 5. Nge2 d6 6. Ng3 e5 7. d5 a5 8. Be2 Na6 9. h4 h5 10. Bg5 Qd7 11. Qd2 Kh7 12. 0-0-0 Nc5 13. Kb1 a4 14. Bxf6 Bxf6 15. Bxh5 gxh5 16. Nf5 Nxe4 17. Qh6+ Kg8 18. Ne7+ Qxe7 19. Nxe4 Bf5 20. f3 Bg7 21. Qxh5 Bxe4+ 22. fxe4 f5 23. exf5 e4 24. Rh3 Qe5 25. Qe2 Rxf5 26. g4 Rf4 27. g5 Raf8 28. Rh2 e3 0-1

[Event "Pan American-ch U20 Girls"]
[Site "Asuncion"]
[Date "2014.06.25"]
[Round "6"]
[White "Chumpitaz Carbajal, Ann"]
[Black "Felix Vega, Aurora Edith"]
[Result "1-0"]
[WhiteElo "2192"]
[BlackElo "1990"]
[PlyCount "91"]
[EventDate "2014.06.21"]
[EventType "swiss"]
[EventRounds "9"]
[EventCountry "PAR"]
[SourceTitle "CBM 161 Extra"]
[Source "ChessBase"]
[SourceDate "2014.08.29"]
[SourceVersion "1"]
[SourceVersionDate "2014.08.29"]
[SourceQuality "1"]

1. d4 c5 2. d5 e5 3. c4 d6 4. Nc3 g6 5. g3 Bg7 6. Bg2 f5 7. Nf3 Nf6 8. 0-0 0-0 9. Ng5 Re8 10. a3 Na6 11. b4 e4 12. Rb1 Ng4 13. Nb5 Ne5 14. Ne6 Bxe6 15. dxe6 Rxe6 16. Qd5 Qd7 17. Rd1 Rd8 18. Bg5 Rf8 19. bxc5 Nxc5 20. Nd4 Nf7 21. Nxe6 Qxe6 22. Qxe6 Nxe6 23. Be7 Re8 24. Rxb7 Bd4 25. e3 Bc5 26. Bf6 Nfd8 27. Re7 Rxe7 28. Bxe7 Nb7 29. Bf6 Bxa3 30. Bd4 a5 31. Bc3 Nec5 32. Rb1 Kf7 33. Rb5 a4 34. Bf1 Ke6 35. Be2 Kd7 36. Bd1 Kc6 37. Rb1 Nb3 38. Bxb3 axb3 39. Rxb3 Bc5 40. Rb1 Nd8 41. Kg2 Kc7 42. Ba5+ Kd7 43. Bxd8 Kxd8 44. Rb7 Ba3 45. Rxh7 Ke8 46. Rg7 1-0

[Event "Pan American-ch U20 Girls"]
[Site "Asuncion"]
[Date "2014.06.24"]
[Round "5"]
[White "Felix Vega, Aurora Edith"]
[Black "Prado, Alexandra"]
[Result "1-0"]
[WhiteElo "1990"]
[BlackElo "1830"]
[PlyCount "59"]
[EventDate "2014.06.21"]
[EventType "swiss"]
[EventRounds "9"]
[EventCountry "PAR"]
[SourceTitle "CBM 161 Extra"]
[Source "ChessBase"]
[SourceDate "2014.08.29"]
[SourceVersion "1"]
[SourceVersionDate "2014.08.29"]
[SourceQuality "1"]

1. e4 d6 2. d4 Nf6 3. Nc3 g6 4. f4 Bg7 5. Nf3 0-0 6. Bd3 c5 7. dxc5 dxc5 8. 0-0 Nc6 9. h3 Re8 10. e5 Nd5 11. Nxd5 Qxd5 12. Qe2 Be6 13. Rd1 Nd4 14. Nxd4 Qxd4+ 15. Kh1 Qb4 16. c3 Qa5 17. Be4 Qc7 18. Be3 Red8 19. Qb5 Rab8 20. Qxc5 Rxd1+ 21. Rxd1 Qxc5 22. Bxc5 Bxa2 23. Bxa7 Ra8 24. Bc5 e6 25. Bxb7 Rb8 26. Rd7 Bf8 27. Ba7 Re8 28. b4 Be7 29. Bc6 Bb3 30. Rc7 1-0

[Event "Pan American-ch U20 Girls"]
[Site "Asuncion"]
[Date "2014.06.22"]
[Round "3"]
[White "Felix Vega, Aurora Edith"]
[Black "Jorquera Cabello, Valentina Paz"]
[Result "1-0"]
[WhiteElo "1990"]
[BlackElo "1976"]
[PlyCount "91"]
[EventDate "2014.06.21"]
[EventType "swiss"]
[EventRounds "9"]
[EventCountry "PAR"]
[SourceTitle "CBM 161 Extra"]
[Source "ChessBase"]
[SourceDate "2014.08.29"]
[SourceVersion "1"]
[SourceVersionDate "2014.08.29"]
[SourceQuality "1"]

1. d4 Nf6 2. Nf3 g6 3. c4 Bg7 4. Nc3 d6 5. e4 0-0 6. Be2 e5 7. 0-0 Nc6 8. d5 Ne7 9. b4 Nd7 10. Re1 f5 11. Ng5 Nf6 12. Bf3 f4 13. Ba3 h6 14. Ne6 Bxe6 15. dxe6 a5 16. bxa5 Rxa5 17. Bb4 Ra6 18. c5 Re8 19. Be2 d5 20. exd5 Nfxd5 21. Nxd5 Nxd5 22. Bc4 c6 23. Qb3 Kh7 24. Rad1 Qc8 25. Bxa6 bxa6 26. Rxd5 cxd5 27. Qxd5 Rxe6 28. Qd3 Rc6 29. Rd1 a5 30. Ba3 Bf8 31. Qd5 Qc7 32. Rc1 h5 33. h3 Kh6 34. Qg8 Be7 35. Qh8+ Kg5 36. Re1 Bf6 37. Qe8 Qc8 38. Qf7 Qe6 39. h4+ Kf5 40. Qb7 e4 41. Qb1 Bd4 42. Qc2 Qe5 43. Qa4 Rc7 44. Rd1 Bxc5 45. Qb3 Kf6 46. Bb2 1-0

[Event "Pan American-ch U16 Girls 24th"]
[Site "Pocos de Caldas"]
[Date "2013.07.29"]
[Round "6.3"]
[White "Coelho, Ramyres Santana"]
[Black "Felix Vega, Aurora Edith"]
[Result "0-1"]
[WhiteElo "1902"]
[BlackElo "2016"]
[PlyCount "78"]
[EventDate "2013.07.25"]
[EventType "swiss"]
[EventRounds "9"]
[EventCountry "BRA"]
[SourceTitle "EXT 2022"]
[Source "ChessBase"]
[SourceDate "2021.10.06"]
[SourceVersion "1"]
[SourceVersionDate "2021.10.06"]
[SourceQuality "1"]

1. d4 Nf6 2. Nf3 g6 3. Bf4 Bg7 4. e3 0-0 5. h3 c5 6. c3 b6 7. Be2 Bb7 8. 0-0 d6 9. Nbd2 Nbd7 10. Bh2 a6 11. e4 e5 12. d5 Nh5 13. g3 Bc8 14. Kg2 Re8 15. Bd3 Nf8 16. Ng5 b5 17. f4 exf4 18. gxf4 c4 19. Be2 Nf6 20. Bf3 N6d7 21. Qc2 Nc5 22. b3 f5 23. Rae1 fxe4 24. Bxe4 Nxe4 25. Ndxe4 Bf5 26. Nf3 Qd7 27. Kh1 Bxh3 28. Rf2 Bf5 29. Rfe2 Rac8 30. b4 Bxe4 31. Rxe4 Rxe4 32. Rxe4 Qf5 33. Nd4 Bxd4 34. cxd4 Re8 35. Re2 Qxd5+ 36. Rg2 Re1+ 37. Bg1 Ne6 38. f5 Nxd4 39. Qd2 Rxg1+ 0-1

[Event "Pan American-ch U20 Girls"]
[Site "Bogota"]
[Date "2013.07.14"]
[Round "8"]
[White "Fernandez Rivero, Karla July"]
[Black "Felix Vega, Aurora Edith"]
[Result "1-0"]
[WhiteElo "2097"]
[BlackElo "2016"]
[PlyCount "69"]
[EventDate "2013.07.10"]
[EventType "swiss"]
[EventRounds "9"]
[EventCountry "COL"]
[SourceTitle "CBM 155 Extra"]
[Source "ChessBase"]
[SourceDate "2013.08.26"]
[SourceVersion "1"]
[SourceVersionDate "2013.08.26"]
[SourceQuality "1"]

1. d4 d6 2. c4 g6 3. Nc3 Bg7 4. e4 Nf6 5. Be2 0-0 6. Bg5 Nbd7 7. Qd2 c5 8. d5 a6 9. a4 Qa5 10. h3 Re8 11. Nf3 Nb6 12. 0-0 Nbd7 13. Qc2 h6 14. Bd2 Nf8 15. Rad1 g5 16. e5 dxe5 17. Nxe5 Qc7 18. f4 Rd8 19. Rde1 e6 20. Bf3 N8h7 21. Ne4 exd5 22. cxd5 Nxd5 23. Qxc5 Qxc5+ 24. Nxc5 Nxf4 25. Bxf4 gxf4 26. Nxb7 Bxb7 27. Bxb7 Bxe5 28. Rxe5 Ra7 29. Bd5 Nf6 30. Bc4 Rd4 31. b3 Kg7 32. Ra5 Nd7 33. Re1 Kf6 34. g4 Rd6 35. Rf5+ 1-0

[Event "Capablanca Memorial op-B 48th"]
[Site "Havana"]
[Date "2013.04.29"]
[Round "8"]
[White "Felix Vega, Aurora Edith"]
[Black "Bravo Jaramillo, Alexander"]
[Result "1/2-1/2"]
[WhiteElo "2010"]
[BlackElo "1730"]
[PlyCount "99"]
[EventDate "2013.04.21"]
[EventType "swiss"]
[EventRounds "9"]
[EventCountry "CUB"]
[SourceTitle "CBM 154 Extra"]
[Source "ChessBase"]
[SourceDate "2013.06.25"]
[SourceVersion "2"]
[SourceVersionDate "2013.06.25"]
[SourceQuality "1"]

1. e4 c5 2. Nf3 Nc6 3. d3 d6 4. g3 Nf6 5. Bg2 g6 6. 0-0 Bg7 7. Nbd2 0-0 8. Re1 Nd7 9. Nf1 Nde5 10. Ne3 Nxf3+ 11. Bxf3 Be6 12. Bg2 Qd7 13. c3 h5 14. f4 Bh3 15. Bf3 e5 16. Kf2 Kh7 17. Bxh5 exf4 18. gxf4 Bh6 19. Bg4 Bxg4 20. Nxg4 Qe7 21. Re3 Kg7 22. Rh3 Rh8 23. f5 Bg5 24. Bxg5 Qxg5 25. f6+ Kg8 26. Rxh8+ Kxh8 27. Qf3 Ne5 28. Nxe5 dxe5 29. Ke2 Rd8 30. h4 Qh6 31. c4 Kg8 32. Qg3 Qh5+ 33. Kd2 Rd6 34. Rf1 Rb6 35. Rb1 Rxf6 36. Kc3 Rf4 37. b4 cxb4+ 38. Rxb4 Qd1 39. Qe3 b6 40. Rb3 Rf3 41. Qd2 Qxd2+ 42. Kxd2 Rf2+ 43. Ke3 Rxa2 44. Rb5 f6 45. c5 bxc5 46. Rxc5 Kg7 47. Rc7+ Kh6 48. Rc6 Kg7 49. Rc7+ Kf8 50. Rc6 1/2-1/2

[Event "Lima GP IRT op"]
[Site "Lima"]
[Date "2013.??.??"]
[Round "3"]
[White "Cuellar, Diego"]
[Black "Felix Vega, Aurora Edith"]
[Result "1-0"]
[WhiteElo "2350"]
[BlackElo "2013"]
[PlyCount "49"]
[EventDate "2013.08.21"]
[EventType "swiss"]
[EventRounds "9"]
[EventCountry "PER"]
[SourceTitle "CBM 156 Extra"]
[Source "ChessBase"]
[SourceDate "2013.10.22"]
[SourceVersion "1"]
[SourceVersionDate "2013.10.22"]
[SourceQuality "1"]

1. e4 c5 2. Nf3 e6 3. c3 d5 4. e5 Ne7 5. d4 Nec6 6. Bd3 Nd7 7. 0-0 Be7 8. Re1 cxd4 9. cxd4 Qb6 10. Nc3 f6 11. Bf4 0-0 12. Qd2 fxe5 13. dxe5 Nc5 14. Bf1 Bd7 15. Be3 Qb4 16. Rad1 Be8 17. Nd4 Rd8 18. a3 Qb6 19. Nxe6 d4 20. Nxd4 Nxd4 21. Bxd4 Qe6 22. Qe3 b6 23. Ne4 Ba4 24. Rc1 Kh8 25. Bxc5 1-0